Onomasticon alterum papyrologicum : Supplemento al Namenbuch di F. Preisigke /

محفوظ في:

المؤلف الرئيسي: Foraboschi, Daniele (مؤلف)

مؤلفون آخرون: Preisigke, Friedrich, 1856-1924.

التنسيق: كتاب

اللغة: Ancient Greek
Italian
English
French
German

منشور في: Milano-Varese : Ist. editoriale cisalpino, 1967-1971.

سلاسل: Testi e documenti per lo studio dell'antichità ; 16.

الموضوعات:

الوسوم: إضافة وسم

لا توجد وسوم, كن أول من يضع وسما على هذه التسجيلة!

رقم الطلب: PA449 .P93 F6 v.16/1-4

LEADER 01140nam a22003257a 4500
003 OSt
005 20250915124108.0
008 250915m19671971it b 000 0 grc u
010 |a 73574232 
040 |c ARCE Library 
041 0 |a ita  |a eng  |a fre  |a ger 
043 |a e-gr--- 
050 1 4 |a PA449 .P93   |b F6 v.16/1-4 
100 1 |a Foraboschi, Daniele,  |e author  |9 30135 
245 1 0 |a Onomasticon alterum papyrologicum :   |b Supplemento al Namenbuch di F. Preisigke /   |c Daniele Foraboschi ; Friedrich Preisigke. 
264 1 |a Milano-Varese :   |b Ist. editoriale cisalpino,   |c 1967-1971. 
300 |a volumes ;   |c 30 cm. 
490 1 |a Testi e documenti per lo studio dell'antichità ;   |v 16. 
500 |a Issued in parts. 
504 |a Includes bibliographical references. 
546 |a Introduction in English, French, Italian, and German. 
650 0 |a Names, Greek. 
650 0 |a Names, Latin. 
650 0 |a Names, Semitic. 
650 0 |a Names, Personal. 
700 1 |a Preisigke, Friedrich,  |d 1856-1924.  |9 37856 
830 0 |a Testi e documenti per lo studio dell'antichità ;   |v 16. 
901 |a reviewed 
942 |c BK  |2 lcc 
999 |c 22236  |d 22236